LEADER 01037nam0 2200301 450 001 000043491 005 20171113092824.0 010 $a2-07-010264-5 100 $a20171109d1951----km-y0itaa50------ba 101 0 $afre 102 $aFR 200 1 $a<> Misérables$fVictor Hugo$gédition établie et annotée par Maurice Allem 210 $a[Parigi]$cGallimard$d1951 215 $aXXIII, 1781 p.$d18 cm 225 2 $aBibliothèque de la Pléiade 410 0$12001$aBibliothèque de la Pléiade 700 1$aHugo,$bVictor$0444801 702 1$aAllem,$bMaurice 801 0$aIT$bUniversità della Basilicata - B.I.A.$gREICAT$2unimarc 912 $a000043491 996 $aMisérables$91532148 997 $aUNIBAS BAS $aLETTERE CAT $aMDL$b30$c20171109$lBAS01$h0957 CAT $aMDL$b30$c20171109$lBAS01$h1102 CAT $aMDL$b30$c20171113$lBAS01$h0928 FMT Z30 -1$lBAS01$LBAS01$mBOOK$1BASA1$APolo Storico-Umanistico$2GEN$BCollezione generale$3FP/56206$656206$5L56206$820171109$f02$FPrestabile Generale